Řezání kovů kotoučovými pilami /

Guardado en:
Detalles Bibliográficos
Autor principal: Skvorcov, P.F (Autor)
Formato: Libro
Lenguaje:checo
Publicado: Praha : Práce, 1952
Materias:
Etiquetas: Agregar Etiqueta
Sin Etiquetas, Sea el primero en etiquetar este registro!

MARC

LEADER 00000nam a22000003a 4500
001 stu42039
005 20150617225722.3
008 940208s1952----cs------------------cze-d
040 |a STU  |b slo 
041 0 |a cze 
044 |a cs 
080 |a 621.937.4 
100 1 |a Skvorcov, P.F  |4 aut 
245 1 |a Řezání kovů kotoučovými pilami /  |c [aut.]P.F. Skvorcov 
260 |a Praha :  |b Práce,  |c 1952 
300 |a 157 s 
650 7 |a rezanie  |2 stusub 
650 7 |a píly kotúčové  |2 stusub 
996 |b 284M020222  |c M*3523-1  |l MMKN  |s A  |a 24  |w stu42039_0001